000 00675cam a2200229 4500
001 ABS62583
008 000000n2000 000 0 eng u
035 _a(Sirsi) u107479
245 _aFocus update 2000: Dublin and Belfast
260 _c2000
490 _aEstates Gazette
_v(0027) 8 July 2000, 93-113(11)
590 _aABS
650 _aBELFAST
650 _aDUBLIN
650 _aPROPERTY-COMMERCIAL PROPERTY-OFFICE PROPERTY-OFFICE PROPERTY MARKET
650 _aRENTAL GROWTH
650 _aOCCUPIER DEMAND
650 _aHOUSING DEVELOPMENT
650 _aREPUBLIC OF IRELAND
690 _aPROPERTY-COMMERCIAL PROPERTY-COMMERCIAL PROPERTY MARKET
942 _n0
999 _c64244
_d64244